La iglesia y el mundo de hoy
Αποθηκεύτηκε σε:
| Μορφή: | Βιβλίο |
|---|---|
| Γλώσσα: | Ισπανικά |
| Έκδοση: |
Santiago
Paulinas
1967
|
| Σειρά: | Colección Magisterium, 1
|
| Θέματα: | |
| Ετικέτες: |
Προσθήκη ετικέτας
Δεν υπάρχουν, Καταχωρήστε ετικέτα πρώτοι!
|
MARC
| LEADER | 00000nam a2200000 a 4500 | ||
|---|---|---|---|
| 001 | UCY1369 | ||
| 003 | CL-VaPUC | ||
| 008 | 940830e19670000CL |||||||||||||||||spa|d | ||
| 082 | 0 | 4 | |a 261.1 |b IGL |2 21 |
| 245 | 1 | 3 | |a La iglesia y el mundo de hoy |
| 300 | |a 190 p | ||
| 942 | |c BK | ||
| 945 | |d 19940830 00:00:00 |a mfernand | ||
| 260 | |a Santiago |b Paulinas |c 1967 | ||
| 650 | 7 | |a IGLESIA Y PROBLEMAS MUNDIALES |2 CL-VaPUC |9 313855 | |
| 650 | 0 | |a Sociología cristiana |9 257898 | |
| 650 | 7 | |a IGLESIA CATOLICA Y CULTURA |2 CL-VaPUC |9 329332 | |
| 583 | |a last modification |c 20170919 04:05:50 |k Rodrigo Vera | ||
| 490 | 0 | |a Colección Magisterium, 1 | |
| 999 | |c 230099 |d 230097 | ||
| 952 | |0 0 |1 2 |4 0 |6 261_100000000000000_IGL_1967 |7 0 |8 A |9 232097 |a BIBTEO |b BIBTEO |d 2019-11-15 |i 3014045 |o 261.1 IGL 1967 |p 3014045 |r 2019-11-15 |w 2019-11-15 |x Descarte 2019 |y BK |k ICR | ||
| 952 | |0 0 |1 2 |4 0 |6 261_100000000000000_IGL_1967 |7 0 |8 A |9 232098 |a BIBTEO |b BIBTEO |d 2019-11-15 |i 2093731 |o 261.1 IGL 1967 |p 2093731 |r 2019-11-15 |w 2019-11-15 |x Descarte 2019 |y BK |k ICR | ||